[Event "1. Bundesliga 2016/2017"]
[Site "Mattersburg"]
[Date "2016.10.23"]
[Round "4"]
[Board "2"]
[White "Kraemer, Martin"]
[Black "Luther, Thomas"]
[Result "1/2-1/2"]
[WhiteElo "2574"]
[BlackElo "2524"]
[PlyCount "83"]
[EventDate "2016.10.20"]
[EventType "team"]
[EventRounds "11"]
[EventCountry "AUT"]
[WhiteTeam "ASVOE Wulkaprodersdorf"]
[BlackTeam "Schachklub Absam"]

1.d4 e6 2.c4 Nf6 3.Nf3 d5 4.g3 dxc4 5.Bg2 Bd7 6.Ne5 Bc6 7.Nxc6 Nxc6 8.O-O Qd7 9.e3
Rd8 10.Qe2 e5 11.Nc3 exd4 12.exd4+ Be7 13.d5 Nb4 14.Bg5 O-O 15.Qxc4 Nbxd5 16.Nxd5
Nxd5 17.Bxe7 Nxe7 18.Bxb7 c6 19.Ba6 Nf5 20.Qf4 Nd4 21.Bc4 c5 22.f3 Rfe8 23.Rf2 Rb8
24.Rc1 Rb6 25.Rc3 Rf6 26.Qc1 h5 27.Re3 Rxe3 28.Qxe3 Rxf3 29.Rxf3 Nxf3+ 30.Qxf3 Qd4+
31.Kg2 Qxc4 32.Qa8+ Kh7 33.Qxa7 Qe2+ 34.Kg1 Qd1+ 35.Kf2 Qc2+ 36.Kf3 Qd3+ 37.Kf2 Qd4+
38.Kf3 Qd1+ 39.Kf2 Qc2+ 40.Kf3 Qd3+ 41.Kf2 Qd2+ 42.Kf3 1/2-1/2

[Event "1. Bundesliga 2016/2017"]
[Site "Mattersburg"]
[Date "2016.10.23"]
[Round "4"]
[Board "3"]
[White "Bayer, Bernhard"]
[Black "Schneider, Ilja"]
[Result "1/2-1/2"]
[WhiteElo "2431"]
[BlackElo "2516"]
[PlyCount "111"]
[EventDate "2016.10.20"]
[EventType "team"]
[EventRounds "11"]
[EventCountry "AUT"]
[WhiteTeam "Schachklub Absam"]
[BlackTeam "ASVOE Wulkaprodersdorf"]

1.d4 Nf6 2.Nf3 d5 3.e3 Bf5 4.c4 c6 5.Nc3 e6 6.Bd3 Bxd3 7.Qxd3 a6 8.O-O Bb4 9.Bd2 O-O
10.Nxd5 Nxd5 11.cxd5 Bxd2 12.Qxd2 cxd5 13.Qb4 Ra7 14.Ne5 Nd7 15.Rac1 Nxe5 16.dxe5
a5 17.Qb5 Ra6 18.Rc2 Qb8 19.Rfc1 g6 20.Rc7 Rc6 21.R1xc6 bxc6 22.Qb7 Qxb7 23.Rxb7 d4
24.exd4 Rd8 25.g3 Rxd4 26.h4 Rd5 27.Rb6 c5 28.a4 Rd4 29.Rb5 Rxa4 30.Rxc5 Ra1+ 31.Kg2
a4 32.Rc8+ Kg7 33.g4 h6 34.Ra8 g5 35.hxg5 hxg5 36.Kf3 Ra2 37.Ke3 Kg6 38.Rg8+ Kh7 39.Rb8
a3 40.bxa3 Rxa3+ 41.Ke4 Ra4+ 42.Kf3 Rf4+ 43.Kg3 Kg7 44.f3 Rd4 45.Rb5 Rd2 46.Ra5 Kf8
47.Ra8+ Kg7 48.Ra5 Rd5 49.Rxd5 exd5 50.f4 gxf4+ 51.Kxf4 f6 52.Kf5 fxe5 53.Kxe5 Kg6
54.Kd4 Kg5 55.Ke5 Kxg4 56.Kxd5 1/2-1/2

[Event "1. Bundesliga 2016/2017"]
[Site "Mattersburg"]
[Date "2016.10.23"]
[Round "4"]
[Board "4"]
[White "Volkmann, Friedrich Karl"]
[Black "Dizdar, Goran"]
[Result "0-1"]
[WhiteElo "2403"]
[BlackElo "2504"]
[PlyCount "150"]
[EventDate "2016.10.20"]
[EventType "team"]
[EventRounds "11"]
[EventCountry "AUT"]
[WhiteTeam "ASVOE Wulkaprodersdorf"]
[BlackTeam "Schachklub Absam"]

1.d4 e6 2.g3 d5 3.Bg2 Nf6 4.Nf3 b5 5.O-O Bb7 6.b3 c5 7.Ne5 Nbd7 8.c4 cxd4 9.Nxd7 Qxd7
10.Qxd4 bxc4 11.bxc4 Rc8 12.cxd5 Bxd5 13.Ba3 Bxg2 14.Qxd7+ Nxd7 15.Kxg2 Rc2 16.Bxf8
Rxf8 17.Na3 Rxe2 18.Rfc1 Re5 19.Rab1 Ra5 20.Nc4 Rc5 21.Rb7 Ke7 22.Rxa7 Rfc8 23.Rd1
R8c7 24.Rxc7 Rxc7 25.Ne3 Ra7 26.Rd2 g5 27.h3 Ra4 28.Re2 Nf6 29.Kf1 Ne4 30.Rc2 h5 31.Ke1
f5 32.Nc4 h4 33.gxh4 gxh4 34.f4 Kf6 35.a3 Ke7 36.Ke2 Nd6 37.Ne5 Nb5 38.Rc5 Nxa3 39.Rc7+
Kd6 40.Rd7+ Kc5 41.Nd3+ Kb5 42.Rh7 Re4+ 43.Kf3 Nc4 44.Kf2 Rd4 45.Ke2 Nb6 46.Rxh4 Nd5
47.Rh6 Kc4 48.Ne5+ Kc3 49.Ng6 Re4+ 50.Kf3 Re3+ 51.Kf2 Kd4 52.Rh8 Ke4 53.h4 Nxf4 54.Nxf4
Kxf4 55.h5 Rh3 56.Kg2 Rg3+ 57.Kf2 e5 58.h6 e4 59.h7 e3+ 60.Ke2 Rg2+ 61.Kd3 Rd2+ 62.Kc3
Rd7 63.Kc2 Kf3 64.Rf8 Rxh7 65.Rxf5+ Ke2 66.Rc5 Rd7 67.Rh5 Rc7+ 68.Kb3 Kd3 69.Rd5+
Ke4 70.Rd8 Rc5 71.Kb4 Rd5 72.Rh8 e2 73.Rh4+ Kd3 74.Rh3+ Kd2 75.Kc4 Rd8 0-1

[Event "1. Bundesliga 2016/2017"]
[Site "Mattersburg"]
[Date "2016.10.23"]
[Round "4"]
[Board "5"]
[White "Rotstein, Arkadij"]
[Black "Wallner, Joachim"]
[Result "1-0"]
[WhiteElo "2501"]
[BlackElo "2313"]
[PlyCount "47"]
[EventDate "2016.10.20"]
[EventType "team"]
[EventRounds "11"]
[EventCountry "AUT"]
[WhiteTeam "Schachklub Absam"]
[BlackTeam "ASVOE Wulkaprodersdorf"]

1.Nf3 d5 2.g3 c6 3.Bg2 Bf5 4.O-O Nf6 5.c4 e6 6.cxd5 exd5 7.d3 Be7 8.Qb3 Qb6 9.Be3
Qxb3 10.axb3 a6 11.Nd4 Be6 12.Na3 O-O 13.Nac2 c5 14.Nxe6 fxe6 15.d4 Nbd7 16.dxc5 Bxc5
17.Bxc5 Nxc5 18.Nd4 a5 19.Rac1 b6 20.f4 Rfe8 21.Rfd1 e5 22.Nb5 Nxb3 23.Rc6 exf4 24.Nc7 1-0

[Event "1. Bundesliga 2016/2017"]
[Site "Mattersburg"]
[Date "2016.10.23"]
[Round "4"]
[Board "6"]
[White "Mesaros, Florian"]
[Black "Wegerle, Joerg"]
[Result "1/2-1/2"]
[WhiteElo "2335"]
[BlackElo "2439"]
[PlyCount "87"]
[EventDate "2016.10.20"]
[EventType "team"]
[EventRounds "11"]
[EventCountry "AUT"]
[WhiteTeam "ASVOE Wulkaprodersdorf"]
[BlackTeam "Schachklub Absam"]

1.Nf3 Nf6 2.c4 e6 3.Nc3 Bb4 4.g3 O-O 5.Bg2 d5 6.a3 Bxc3 7.bxc3 Nc6 8.cxd5 exd5 9.O-O
Re8 10.d3 Qe7 11.Re1 Bg4 12.Bf4 Qd7 13.Rb1 b6 14.Rc1 Bxf3 15.Bxf3 Ne5 16.Bg2 Rad8
17.Qb3 h6 18.a4 c5 19.Qb5 Nc6 20.c4 Nd4 21.Qxd7 Rxd7 22.Kf1 Red8 23.Be5 dxc4 24.Bxf6
gxf6 25.dxc4 Rd6 26.e3 Nb3 27.Rc3 Na5 28.Bd5 f5 29.e4 fxe4 30.Rxe4 Nc6 31.Rf3 R8d7
32.Ref4 Nd8 33.h4 Kg7 34.Rg4+ Rg6 35.Re4 Ne6 36.h5 Rf6 37.Rg4+ Ng5 38.Re3 Kf8 39.Kg2
Ne6 40.Rge4 Nc7 41.Bb7 Ne6 42.Bd5 Nc7 43.Bb7 Ne6 44.Bd5 1/2-1/2

[Event "1. Bundesliga 2016/2017"]
[Site "St. Veit/Glan"]
[Date "2017.03.23"]
[Round "5"]
[Board "1"]
[White "Melkumyan, Hrant"]
[Black "Bosiocic, Marin"]
[Result "1/2-1/2"]
[WhiteElo "2619"]
[BlackElo "2610"]
[PlyCount "115"]
[EventDate "2016.10.20"]
[EventType "team"]
[EventRounds "11"]
[EventCountry "AUT"]
[WhiteTeam "ASVOE Wulkaprodersdorf"]
[BlackTeam "SV Pillenkoenig St. Veit"]

1.d4 Nf6 2.Nf3 e6 3.g3 d5 4.c4 Be7 5.Bg2 O-O 6.O-O c6 7.Nc3 b6 8.Bf4 Nbd7 9.Ne5 Bb7
10.e4 Nxe5 11.dxe5 Nxe4 12.Nxe4 dxe4 13.Qg4 Qc7 14.Bxe4 Rfd8 15.Rad1 Rxd1 16.Rxd1
Rd8 17.Rxd8+ Qxd8 18.Qf3 Qd4 19.b3 g5 20.Be3 Qxe5 21.Bxc6 Bxc6 22.Qxc6 Bc5 23.Bxc5
bxc5 24.h3 Kg7 25.Kg2 h5 26.Qf3 Kg6 27.Qa8 h4 28.g4 Kg7 29.a3 Qd4 30.Qc6 a5 31.Qa8
Qc3 32.Qd8 Kg6 33.Qg8+ Qg7 34.Qc8 Qe5 35.Qc6 Kg7 36.Qb7 Kg6 37.Qa8 Qc3 38.Qb8 Qd4
39.Qg8+ Qg7 40.Qd8 Qc3 41.Qb6 a4 42.bxa4 Qxc4 43.Qc6 Qc3 44.Qf3 Qa5 45.Qc6 Qc3 46.Qf3
Qa5 47.Qe4+ Kf6 48.Qe3 Qa8+ 49.Kg1 Qa5 50.Kf1 Qa6+ 51.Ke1 Qa5+ 52.Kf1 Qa6+ 53.Kg1
Qa5 54.Qc1 Kg6 55.Qc4 Kf6 56.Qc1 Kg6 57.Qb1+ Kf6 58.Qc1 1/2-1/2

[Event "1. Bundesliga 2016/2017"]
[Site "St. Veit/Glan"]
[Date "2017.03.23"]
[Round "5"]
[Board "2"]
[White "Brkic, Ante"]
[Black "Kraemer, Martin"]
[Result "1/2-1/2"]
[WhiteElo "2552"]
[BlackElo "2574"]
[PlyCount "93"]
[EventDate "2016.10.20"]
[EventType "team"]
[EventRounds "11"]
[EventCountry "AUT"]
[WhiteTeam "SV Pillenkoenig St. Veit"]
[BlackTeam "ASVOE Wulkaprodersdorf"]

1.e4 c5 2.Nf3 d6 3.d4 cxd4 4.Nxd4 Nf6 5.Nc3 a6 6.g3 e6 7.Bg2 Be7 8.O-O O-O 9.a4 Nc6
10.Be3 Bd7 11.Qe2 Nxd4 12.Bxd4 Bc6 13.Rfd1 Rc8 14.a5 Nd7 15.b4 Re8 16.b5 axb5 17.Nxb5
Ra8 18.Bc3 Bxb5 19.Qxb5 Qc7 20.Bd4 Reb8 21.c4 Ra6 22.e5 dxe5 23.Be3 Nc5 24.Bxc5 Qxc5
25.Bxb7 Rd6 26.Rxd6 Bxd6 27.Qxc5 Bxc5 28.a6 Ba7 29.Rd1 Kf8 30.Rd7 Bc5 31.Kg2 Re8 32.Bc6
Rc8 33.Bb7 Re8 34.Rc7 Bb6 35.Rc6 Ba7 36.Kf3 Rd8 37.Ke2 Ke7 38.Bc8 Bb8 39.c5 g6 40.Bb7
Ba7 41.Rb6 Rd7 42.Bc6 Rc7 43.Kd3 Kd8 44.Kc4 f5 45.Rb7 Rxb7 46.Bxb7 e4 47.Bc6 1/2-1/2

[Event "1. Bundesliga 2016/2017"]
[Site "St. Veit/Glan"]
[Date "2017.03.23"]
[Round "5"]
[Board "3"]
[White "Schneider, Ilja"]
[Black "Antoniewski, Rafal"]
[Result "1/2-1/2"]
[WhiteElo "2516"]
[BlackElo "2535"]
[PlyCount "60"]
[EventDate "2016.10.20"]
[EventType "team"]
[EventRounds "11"]
[EventCountry "AUT"]
[WhiteTeam "ASVOE Wulkaprodersdorf"]
[BlackTeam "SV Pillenkoenig St. Veit"]

1.e4 c5 2.Nf3 d6 3.Bb5+ Bd7 4.Bxd7+ Nxd7 5.O-O Ngf6 6.Re1 e6 7.c3 Be7 8.d4 cxd4 9.cxd4
d5 10.e5 Ne4 11.Nbd2 Nxd2 12.Bxd2 O-O 13.Rc1 Nb6 14.Qb3 Qd7 15.Bb4 Rfc8 16.Qa3 Bxb4
17.Qxb4 Nc4 18.b3 a5 19.Qc3 Na3 20.Qb2 Nb5 21.a4 Na7 22.Rxc8+ Rxc8 23.Rc1 h6 24.h3
Rc6 25.Qd2 Qc7 26.Rxc6 Nxc6 27.Qc3 Qb6 28.Qd3 Qb4 29.g3 Qe7 30.Kg2 Qb4 1/2-1/2

[Event "1. Bundesliga 2016/2017"]
[Site "St. Veit/Glan"]
[Date "2017.03.23"]
[Round "5"]
[Board "4"]
[White "Koop, Thorben"]
[Black "Volkmann, Friedrich Karl"]
[Result "0-1"]
[WhiteElo "2398"]
[BlackElo "2403"]
[PlyCount "96"]
[EventDate "2016.10.20"]
[EventType "team"]
[EventRounds "11"]
[EventCountry "AUT"]
[WhiteTeam "SV Pillenkoenig St. Veit"]
[BlackTeam "ASVOE Wulkaprodersdorf"]

1.d4 d5 2.Bf4 c5 3.e3 Nc6 4.Nc3 cxd4 5.exd4 Bf5 6.Nf3 e6 7.Bb5 Bd6 8.Bxc6+ bxc6 9.Bxd6
Qxd6 10.O-O Nf6 11.Na4 Bg4 12.b3 Ne4 13.Qc1 Bxf3 14.gxf3 Nf6 15.Qe3 Nd7 16.Rac1 O-O
17.Rfe1 Rfc8 18.c4 dxc4 19.Rxc4 Nb6 20.Nxb6 axb6 21.a4 Ra5 22.Rec1 Rh5 23.f4 g6 24.Qe4
Rd5 25.R1c3 Qd7 26.Kg2 Qb7 27.Qf3 h5 28.Qe4 Kh7 29.h3 Rc7 30.Kh2 Rcd7 31.Rxc6 Rxd4
32.Qf3 Qb8 33.R6c4 Qd8 34.Rxd4 Rxd4 35.Re3 Qh4 36.Re4 Rxe4 37.Qxe4 Qxf2+ 38.Kh1 Qg3
39.b4 Qxh3+ 40.Kg1 Qg3+ 41.Kh1 Qh3+ 42.Kg1 Qc3 43.Qb7 Qg3+ 44.Kh1 Qxf4 45.Qxb6 e5
46.Kg2 h4 47.Qf2 h3+ 48.Kg1 Qxf2+ 0-1

[Event "1. Bundesliga 2016/2017"]
[Site "St. Veit/Glan"]
[Date "2017.03.23"]
[Round "5"]
[Board "5"]
[White "Wallner, Joachim"]
[Black "Hoelzl, Franz"]
[Result "1/2-1/2"]
[WhiteElo "2313"]
[BlackElo "2321"]
[PlyCount "76"]
[EventDate "2016.10.20"]
[EventType "team"]
[EventRounds "11"]
[EventCountry "AUT"]
[WhiteTeam "ASVOE Wulkaprodersdorf"]
[BlackTeam "SV Pillenkoenig St. Veit"]

1.b3 e5 2.Bb2 Nc6 3.e3 g6 4.Nf3 Bg7 5.c4 d6 6.Be2 Nh6 7.d4 e4 8.Nfd2 f5 9.Nc3 O-O
10.d5 Ne5 11.Qc2 c5 12.h3 a6 13.O-O-O Bd7 14.f4 exf3 15.gxf3 f4 16.e4 Bf6 17.Rdg1
Bh4 18.Nd1 Qe7 19.Rg2 Nhf7 20.Nf2 Bxf2 21.Rxf2 Qh4 22.Rg2 b5 23.Qd1 b4 24.Nf1 a5 25.Nh2
h5 26.Qg1 Qf6 27.h4 Bh3 28.Rf2 a4 29.Kb1 axb3 30.axb3 Kh7 31.Ng4 hxg4 32.fxg4 f3 33.Rxh3
Qf4 34.Bxf3 Nxf3 35.Rhxf3 Qxe4+ 36.Kc1 Ne5 37.Rxf8 Qe3+ 38.Kb1 Qd3+ 1/2-1/2

[Event "1. Bundesliga 2016/2017"]
[Site "St. Veit/Glan"]
[Date "2017.03.23"]
[Round "5"]
[Board "6"]
[White "Hebesberger, Thomas"]
[Black "Mesaros, Florian"]
[Result "1/2-1/2"]
[WhiteElo "2292"]
[BlackElo "2335"]
[PlyCount "107"]
[EventDate "2016.10.20"]
[EventType "team"]
[EventRounds "11"]
[EventCountry "AUT"]
[WhiteTeam "SV Pillenkoenig St. Veit"]
[BlackTeam "ASVOE Wulkaprodersdorf"]

1.Nf3 d5 2.e3 Nf6 3.c4 e6 4.b3 Bd6 5.Bb2 O-O 6.Qc2 b6 7.Nc3 a6 8.Bd3 Bb7 9.cxd5 exd5
10.Ng5 h6 11.Bh7+ Kh8 12.h4 Nbd7 13.O-O-O Qe7 14.Bf5 Nc5 15.Ne2 Kg8 16.Bh7+ Kh8 17.Bf5
Rad8 18.b4 Ne6 19.Bxe6 fxe6 20.Nd4 Ne4 21.Ndxe6 hxg5 22.Nxd8 Rxd8 23.f3 gxh4 24.fxe4
dxe4 25.a3 Bg3 26.Rdf1 Bd5 27.Qc3 Kg8 28.Rf5 Be6 29.Rh5 Rd6 30.R1xh4 Bxh4 31.Rxh4
Bd5 32.Kb1 Rc6 33.Qd4 Rd6 34.Qc3 Rg6 35.Rh5 Qf7 36.Qe5 Ba2+ 37.Ka1 Rxg2 38.Rg5 Rxg5
39.Qxg5 Bc4 40.Qf4 Qg6 41.Qh2 Qg4 42.Qh1 Bf7 43.Kb1 Qe6 44.Qg2 g6 45.Qh2 Qa2+ 46.Kc1
Qc4+ 47.Bc3 Kf8 48.Qe5 Qf1+ 49.Kb2 Qc4 50.Kc1 Qc6 51.Kb1 Qd5 52.Qxc7 Qb3+ 53.Kc1 Qxa3+
54.Bb2 1/2-1/2

[Event "1. Bundesliga 2016/2017"]
[Site "St. Veit/Glan"]
[Date "2017.03.23"]
[Round "5"]
[Board "1"]
[White "Zilka, Stepan"]
[Black "Bayer, Bernhard"]
[Result "1-0"]
[WhiteElo "2523"]
[BlackElo "2431"]
[PlyCount "71"]
[EventDate "2016.10.20"]
[EventType "team"]
[EventRounds "11"]
[EventCountry "AUT"]
[WhiteTeam "Blackburne Nickelsdorf"]
[BlackTeam "Schachklub Absam"]

1.e4 c6 2.d4 d5 3.Nc3 dxe4 4.Nxe4 Bf5 5.Ng3 Bg6 6.h4 h6 7.Nf3 Nd7 8.h5 Bh7 9.Bd3 Bxd3
10.Qxd3 e6 11.Bd2 Ngf6 12.O-O-O Qc7 13.Ne4 O-O-O 14.g3 Nxe4 15.Qxe4 Nf6 16.Qe2 Bd6
17.c4 c5 18.dxc5 Qxc5 19.Be3 Qa5 20.Kb1 Qf5+ 21.Ka1 Bb8 22.Nd4 Qg4 23.f3 Qxg3 24.c5
Rd5 25.c6 Qd6 26.Rc1 Rxd4 27.cxb7+ Kxb7 28.Qb5+ Qb6 29.Qxb6+ axb6 30.Bxd4 e5 31.Be3
Rd8 32.Rcg1 Ne8 33.Rd1 Rd6 34.Rxd6 Bxd6 35.Rg1 Bf8 36.Bxh6 1-0

[Event "1. Bundesliga 2016/2017"]
[Site "St. Veit/Glan"]
[Date "2017.03.23"]
[Round "5"]
[Board "2"]
[White "Dizdar, Goran"]
[Black "Schwarhofer, Christopher"]
[Result "1-0"]
[WhiteElo "2504"]
[BlackElo "2385"]
[PlyCount "77"]
[EventDate "2016.10.20"]
[EventType "team"]
[EventRounds "11"]
[EventCountry "AUT"]
[WhiteTeam "Schachklub Absam"]
[BlackTeam "Blackburne Nickelsdorf"]

1.d4 d5 2.c4 e6 3.Nf3 f5 4.Nc3 Nf6 5.Bf4 c6 6.e3 Be7 7.Bd3 O-O 8.h3 Ne4 9.g4 Qa5 10.gxf5
exf5 11.Kf1 Nxc3 12.bxc3 Qxc3 13.Ne5 Nd7 14.Rg1 Bf6 15.Rc1 Qa3 16.cxd5 cxd5 17.Rc7
Nxe5 18.dxe5 Be7 19.Bb5 Be6 20.Bd7 Qa6+ 21.Qe2 Qb6 22.Bh6 Rf7 23.Rxb7 Qxb7 24.Bxe6
Bf8 25.Qd3 Rb8 26.Bf4 Qb5 27.Ke2 g6 28.Bxf7+ Kxf7 29.e6+ Kxe6 30.Bxb8 Qxb8 31.Rb1
Qc7 32.Rb5 Qc6 33.Qb3 Bc5 34.Qd3 Bb6 35.Rb2 Qa4 36.Qb5 Qh4 37.Qe8+ Kd6 38.Rc2 Qh5+
39.f3 1-0

[Event "1. Bundesliga 2016/2017"]
[Site "St. Veit/Glan"]
[Date "2017.03.23"]
[Round "5"]
[Board "3"]
[White "Lendwai, Reinhard"]
[Black "Rotstein, Arkadij"]
[Result "1/2-1/2"]
[WhiteElo "2370"]
[BlackElo "2501"]
[PlyCount "104"]
[EventDate "2016.10.20"]
[EventType "team"]
[EventRounds "11"]
[EventCountry "AUT"]
[WhiteTeam "Blackburne Nickelsdorf"]
[BlackTeam "Schachklub Absam"]

1.d4 d5 2.Nf3 Nf6 3.c4 dxc4 4.e3 Bg4 5.Bxc4 e6 6.Nbd2 Nc6 7.O-O Bd6 8.Be2 O-O 9.Nc4
Be7 10.b3 Nd5 11.Bb2 f5 12.h3 Bh5 13.Rc1 Qe8 14.a3 a5 15.Ncd2 Nd8 16.Re1 Nf7 17.Nc4
Bf6 18.Qd2 Nd6 19.Nxd6 cxd6 20.Qd3 Qd7 21.Qb5 Qe7 22.Rc2 Be8 23.Qd3 Bc6 24.Rec1 Qd7
25.Nd2 Ne7 26.Rc3 Rfc8 27.Bf3 Bxf3 28.Rxc8+ Rxc8 29.Rxc8+ Qxc8 30.Nxf3 Qc6 31.Nd2
b5 32.Nb1 Nd5 33.Nc3 Nc7 34.f3 b4 35.axb4 axb4 36.Ne2 d5 37.Bc1 Be7 38.Bd2 Kf7 39.Kf2
Bd6 40.g4 g6 41.Qb1 Nb5 42.Qd3 Na3 43.Nc1 Qc7 44.Kg2 h5 45.gxh5 gxh5 46.Ne2 Qc8 47.f4
Be7 48.Ng1 h4 49.Kf1 Ke8 50.Nf3 Qb7 51.Be1 Qc8 52.Bd2 Qb7 1/2-1/2

[Event "1. Bundesliga 2016/2017"]
[Site "St. Veit/Glan"]
[Date "2017.03.23"]
[Round "5"]
[Board "4"]
[White "Deglmann, Ludwig"]
[Black "Pinter, Erik"]
[Result "0-1"]
[WhiteElo "2296"]
[BlackElo "2382"]
[PlyCount "94"]
[EventDate "2016.10.20"]
[EventType "team"]
[EventRounds "11"]
[EventCountry "AUT"]
[WhiteTeam "Schachklub Absam"]
[BlackTeam "Blackburne Nickelsdorf"]

1.d4 g6 2.c4 Bg7 3.e4 d6 4.Nc3 Nc6 5.Be3 e5 6.Nge2 Nh6 7.f3 f5 8.Qd2 Nf7 9.exf5 gxf5
10.f4 Na5 11.Ng3 exf4 12.Bxf4 Qe7+ 13.Kd1 Nc6 14.Nd5 Qd8 15.Qe3+ Kf8 16.Bd3 Nxd4 17.Nh5
c5 18.Re1 Be6 19.Nxg7 Kxg7 20.Qg3+ Kf8 21.Qh3 Bxd5 22.Bh6+ Nxh6 23.Qxh6+ Kf7 24.cxd5
Qf6 25.Qh3 Rag8 26.Rf1 Rg5 27.g4 f4 28.Qg2 h5 29.Qe4 f3 30.gxh5 Rgxh5 31.Qg4 Rxh2
32.Rg1 Rg2 33.Rxg2 fxg2 34.Qxg2 Rg8 35.Qh1 Rh8 36.Qg2 Rg8 37.Qh1 Rg7 38.Kd2 Nf3+ 39.Kc2
Nd4+ 40.Kd2 Qg5+ 41.Kc3 Ke7 42.Re1+ Kd7 43.Qh8 Kc7 44.Qf8 Rd7 45.Qa8 Re7 46.Rh1 Qxd5
47.Rh8 Nc6 0-1

[Event "1. Bundesliga 2016/2017"]
[Site "St. Veit/Glan"]
[Date "2017.03.23"]
[Round "5"]
[Board "5"]
[White "Vlcek, Stanislav"]
[Black "De Francesco, Klaus"]
[Result "1/2-1/2"]
[WhiteElo "2255"]
[BlackElo "2235"]
[PlyCount "59"]
[EventDate "2016.10.20"]
[EventType "team"]
[EventRounds "11"]
[EventCountry "AUT"]
[WhiteTeam "Blackburne Nickelsdorf"]
[BlackTeam "Schachklub Absam"]

1.e4 e6 2.d4 d5 3.Nc3 Nf6 4.Bg5 Be7 5.e5 Nfd7 6.Bxe7 Qxe7 7.f4 a6 8.Nf3 Nb6 9.Qd2
Bd7 10.Be2 c5 11.O-O Nc6 12.Nd1 cxd4 13.Nxd4 Qc5 14.c3 O-O 15.Ne3 Rac8 16.Kh1 Rc7
17.Bd3 Nc4 18.Nxc4 dxc4 19.Be4 Nxd4 20.cxd4 Qe7 21.Rad1 g6 22.Qa5 Rfc8 23.d5 exd5
24.Bxd5 Bc6 25.Bxc6 Rxc6 26.Rf3 b5 27.a3 Qc7 28.Qc3 a5 29.f5 b4 30.axb4 1/2-1/2

[Event "1. Bundesliga 2016/2017"]
[Site "St. Veit/Glan"]
[Date "2017.03.23"]
[Round "5"]
[Board "6"]
[White "Gerhold, Michael"]
[Black "Kuntner, Reinhard"]
[Result "1-0"]
[WhiteElo "2236"]
[BlackElo "2023"]
[PlyCount "116"]
[EventDate "2016.10.20"]
[EventType "team"]
[EventRounds "11"]
[EventCountry "AUT"]
[WhiteTeam "Schachklub Absam"]
[BlackTeam "Blackburne Nickelsdorf"]

1.Nf3 d5 2.d4 Nf6 3.c4 e6 4.Nc3 Be7 5.Bf4 O-O 6.e3 a6 7.c5 Nc6 8.a3 Bd7 9.h3 Na7 10.Qb3
b6 11.cxb6 cxb6 12.Rc1 b5 13.Ne5 Be8 14.Bd3 Nd7 15.Nf3 Rc8 16.O-O Nb6 17.Qc2 h6 18.Qe2
f5 19.g4 Nc4 20.gxf5 exf5 21.Ne5 Nc6 22.Nxc4 bxc4 23.Bc2 Bg5 24.Qf3 Bxf4 25.Qxf4 g5
26.Qf3 Ne7 27.Rfe1 Rb8 28.Rb1 Qd6 29.Kh1 Ng6 30.Bd1 Kh8 31.Kg1 Rd8 32.Be2 Nh4 33.Qh1
Bg6 34.Rbd1 Rf7 35.Bf3 Nxf3+ 36.Qxf3 Rg7 37.Kh1 h5 38.Rg1 g4 39.Qg3 Qf6 40.Ne2 Bf7
41.h4 Rgg8 42.Rd2 Rge8 43.Kg2 Kh7 44.Qf4 Re4 45.Qc7 Rde8 46.Ng3 R8e7 47.Nxe4 fxe4
48.Qf4 Qe6 49.Rc1 Bg6 50.Rc3 Rf7 51.Qe5 Qd7 52.b3 Rf5 53.Qh2 Rf3 54.bxc4 Rh3 55.Qf4
Rf3 56.Qe5 Qd8 57.Qg5 Qb8 58.cxd5 Rf5 1-0

[Event "1. Bundesliga 2016/2017"]
[Site "St. Veit/Glan"]
[Date "2017.03.23"]
[Round "5"]
[Board "1"]
[White "Nisipeanu, Liviu-Dieter"]
[Black "Lenic, Luka"]
[Result "1/2-1/2"]
[WhiteElo "2684"]
[BlackElo "2645"]
[PlyCount "67"]
[EventDate "2016.10.20"]
[EventType "team"]
[EventRounds "11"]
[EventCountry "AUT"]
[WhiteTeam "Schachklub Sparkasse Jenbach"]
[BlackTeam "SV Raika Rapid Feffernitz"]

1.c4 e6 2.Nf3 d5 3.g3 dxc4 4.Bg2 a6 5.Qc2 Nf6 6.Qxc4 b5 7.Qc2 Bb7 8.d3 Be7 9.O-O c5
10.Bg5 O-O 11.a4 Nbd7 12.Nbd2 h6 13.Bxf6 Nxf6 14.Rfc1 Nd5 15.Ne4 Nb4 16.Qb1 Bxe4 17.dxe4
Qb6 18.e5 Rac8 19.axb5 axb5 20.Qe4 c4 21.Rd1 c3 22.bxc3 Nd5 23.Rxd5 exd5 24.Qd3 Qc5
25.Nd4 Qxc3 26.Qxc3 Rxc3 27.Nxb5 Rc5 28.Nd4 Rfc8 29.Bf3 Rc1+ 30.Rxc1 Rxc1+ 31.Kg2
Rc5 32.Nb3 Rb5 33.Nd4 Rc5 34.Nb3 1/2-1/2

[Event "1. Bundesliga 2016/2017"]
[Site "St. Veit/Glan"]
[Date "2017.03.23"]
[Round "5"]
[Board "2"]
[White "Danin, Alexandre"]
[Black "Volokitin, Andrei"]
[Result "1/2-1/2"]
[WhiteElo "2564"]
[BlackElo "2652"]
[PlyCount "120"]
[EventDate "2016.10.20"]
[EventType "team"]
[EventRounds "11"]
[EventCountry "AUT"]
[WhiteTeam "SV Raika Rapid Feffernitz"]
[BlackTeam "Schachklub Sparkasse Jenbach"]

1.e4 c5 2.Nf3 d6 3.d4 cxd4 4.Nxd4 Nf6 5.f3 e5 6.Nb3 d5 7.Bg5 d4 8.c3 Nc6 9.cxd4 Bb4+
10.Bd2 Nxe4 11.Bxb4 Qh4+ 12.g3 Nxg3 13.hxg3 Qxh1 14.Ba3 Bh3 15.Qe2 O-O-O 16.N1d2 Bxf1
17.Nxf1 exd4 18.O-O-O Rhe8 19.Qd3 Kb8 20.Qf5 Ne5 21.Nfd2 Qg2 22.f4 Rc8+ 23.Kb1 Nf3
24.Qd3 Re3 25.Qf5 Nxd2+ 26.Nxd2 Qc6 27.Qxh7 d3 28.Qh1 Rxg3 29.Qf1 Qc2+ 30.Ka1 Rg2
31.Nb1 Qe2 32.Bd6+ Ka8 33.Be5 a6 34.Re1 Qxf1 35.Rxf1 Rcc2 36.Rd1 f6 37.Bc3 b5 38.a3
a5 39.Rxd3 Rg1 40.Bd2 g5 41.fxg5 fxg5 42.Ka2 Kb7 43.Bxa5 g4 44.Rd7+ Kc8 45.Rd8+ Kb7
46.Rd7+ Kc8 47.Rg7 g3 48.Kb3 Rgg2 49.Bc3 Rcf2 50.Be5 Re2 51.Rxg3 Rxg3+ 52.Bxg3 Re3+
53.Nc3 Rxg3 54.Kb4 Rg2 55.b3 Kb7 56.Kxb5 Rg3 57.Kc4 Rg4+ 58.Kc5 Rg5+ 59.Kd4 Rg4+ 60.Kc5
Rg3 1/2-1/2

[Event "1. Bundesliga 2016/2017"]
[Site "St. Veit/Glan"]
[Date "2017.03.23"]
[Round "5"]
[Board "3"]
[White "Wagner, Dennis"]
[Black "Skoberne, Jure"]
[Result "1-0"]
[WhiteElo "2577"]
[BlackElo "2544"]
[PlyCount "73"]
[EventDate "2016.10.20"]
[EventType "team"]
[EventRounds "11"]
[EventCountry "AUT"]
[WhiteTeam "Schachklub Sparkasse Jenbach"]
[BlackTeam "SV Raika Rapid Feffernitz"]

1.d4 Nf6 2.c4 g6 3.Nc3 Bg7 4.e4 d6 5.Nf3 O-O 6.Be2 e5 7.O-O Bg4 8.d5 Nh5 9.Bg5 f6
10.Be3 Nf4 11.Bxf4 exf4 12.Nd4 Bd7 13.Qd2 f5 14.exf5 Bxd4 15.Qxd4 Rxf5 16.c5 dxc5
17.Qxc5 Be8 18.Bg4 Nd7 19.Qd4 Rf8 20.Be6+ Bf7 21.Ne4 c5 22.dxc6 Bxe6 23.cxd7 Bxd7
24.Qd5+ Kh8 25.Qe5+ Kg8 26.Rad1 Rf7 27.Qd5 Qe7 28.Ng5 Bc6 29.Qxf7+ Qxf7 30.Nxf7 Kxf7
31.f3 a5 32.Rfe1 a4 33.h4 a3 34.bxa3 Rxa3 35.Rd4 Rxa2 36.Rxf4+ Kg8 37.Re7 1-0

[Event "1. Bundesliga 2016/2017"]
[Site "St. Veit/Glan"]
[Date "2017.03.23"]
[Round "5"]
[Board "4"]
[White "Schreiner, Peter"]
[Black "Shengelia, David"]
[Result "1-0"]
[WhiteElo "2482"]
[BlackElo "2570"]
[PlyCount "91"]
[EventDate "2016.10.20"]
[EventType "team"]
[EventRounds "11"]
[EventCountry "AUT"]
[WhiteTeam "SV Raika Rapid Feffernitz"]
[BlackTeam "Schachklub Sparkasse Jenbach"]

1.d4 Nf6 2.c4 b6 3.Nc3 Bb7 4.Qc2 d6 5.e4 e5 6.d5 Be7 7.g3 c6 8.Bg2 a6 9.a4 b5 10.axb5
axb5 11.Rxa8 Bxa8 12.cxb5 cxd5 13.exd5 Qa5 14.Bd2 O-O 15.Nge2 Nbd7 16.O-O Bb7 17.Nc1
Rc8 18.Qb3 Nc5 19.Qa2 Qb4 20.Qb1 Qc4 21.b3 Qd4 22.Rd1 e4 23.N1e2 Qd3 24.Qxd3 exd3
25.Nd4 Ncd7 26.Nc6 Bf8 27.Be3 Ne5 28.Bd4 Ra8 29.Na4 Re8 30.h3 h5 31.f4 Ned7 32.Rxd3
Re1+ 33.Kf2 Rb1 34.Bf3 h4 35.gxh4 Ne8 36.Na5 Bc8 37.Rc3 Nc5 38.b6 Ba6 39.Nxc5 Rb2+
40.Kg3 dxc5 41.Re3 cxd4 42.Rxe8 g5 43.hxg5 Kg7 44.Ra8 Be2 45.Rxf8 d3 46.b7 1-0

[Event "1. Bundesliga 2016/2017"]
[Site "St. Veit/Glan"]
[Date "2017.03.23"]
[Round "5"]
[Board "5"]
[White "Schlosser, Philipp"]
[Black "Diermair, Andreas"]
[Result "1/2-1/2"]
[WhiteElo "2523"]
[BlackElo "2473"]
[PlyCount "115"]
[EventDate "2016.10.20"]
[EventType "team"]
[EventRounds "11"]
[EventCountry "AUT"]
[WhiteTeam "Schachklub Sparkasse Jenbach"]
[BlackTeam "SV Raika Rapid Feffernitz"]

1.c4 e6 2.g3 d5 3.Bg2 Nf6 4.Nf3 dxc4 5.Qa4+ Bd7 6.Qxc4 c5 7.Ne5 Qc8 8.d3 Nc6 9.Nxd7
Qxd7 10.Nd2 Rc8 11.Nf3 Be7 12.O-O O-O 13.Bd2 Rfd8 14.Rfc1 Nd5 15.Qb3 b6 16.a3 Bf6
17.e3 Nde7 18.Bf1 Ng6 19.Bc3 Nge5 20.Ne1 Qd6 21.Rd1 Nd7 22.Rac1 h6 23.Bd2 Qe5 24.Rb1
Rb8 25.Bg2 Qd6 26.Qb5 Rdc8 27.b4 a6 28.Qxa6 Ra8 29.Qb5 Rxa3 30.bxc5 bxc5 31.Qc4 Nde5
32.Qc1 Ra2 33.Bc3 Qd8 34.Rb5 Nd7 35.Rd2 Rxd2 36.Bxd2 Nb4 37.Qb1 Nd5 38.Qb3 Ne5 39.Bf1
Qe8 40.Ra5 Qd7 41.Qa4 Qd8 42.Ra7 Qb6 43.Ra8 Rxa8 44.Qxa8+ Kh7 45.Qa2 g6 46.Bg2 Nb4
47.Qb3 Qd6 48.d4 Nec6 49.Nc2 Be7 50.Nxb4 Nxb4 51.Bc3 Nd5 52.dxc5 Qxc5 53.Bd2 Bf6 54.h4
h5 55.Bf3 Kg7 56.Qd3 Be5 57.Kg2 Nf6 58.Qe2 1/2-1/2